Wszystkie kluby Podkarpacia od Ekstraklasy do 4 ligi. - Statystyki

Ogólne statystyki
  • Ten quiz został rozwiązany 30 razy
  • Średni wynik to 15 z 26
Statystyki odpowiedzi
Hint Odpowiedź % Poprawnych
2 Liga Resovia
100%
Ekstraklasa Stal Mielec
100%
1 Liga Stal Rzeszów
100%
1 Liga Stal Stalowa Wola
89%
3 Liga Siarka Tarnobrzeg
85%
3 Liga Wisłoka Dębica
74%
4 Liga Ekoball Stal Sanok
63%
4 Liga JKS Jarosław
63%
4 Liga Karpaty Krosno
59%
4 Liga Czarni Jasło
56%
3 Liga KS Wiązownica
56%
4 Liga Igloopol Dębica
52%
4 Liga Sokół Kolbuszowa Dolna
52%
3 Liga Pogoń-Sokół Lubaczów
48%
4 Liga Izolator Boguchwała
44%
4 Liga Legion Pilzno
44%
4 Liga Orzeł Przeworsk
44%
4 Liga SPEC Stal Łańcut
44%
4 Liga Cosmos Nowotaniec
41%
4 Liga Sokół Kamień
41%
4 Liga Sokół Nisko
41%
4 Liga Sokół Sieniawa
41%
4 Liga Strug Tyczyn
41%
4 Liga Stal II Mielec
37%
4 Liga Głogovia Głogów Małopolski
33%
4 Liga Wisłok Wiśniowa
30%
Nie znaleziono quizów pasujących do podanych kryteriów
Rozkład punktacji
Procent ludzi z każdym wynikiem
Percentyl według liczby udzielonych odpowiedzi
Twoja historia wyników
Nie rozwiązałeś tego quizu